Decisiones efectivas : (Registro nro. 6108)
[ vista simple ]
| 000 -LEADER | |
|---|---|
| fixed length control field | 01639nam a2200313Ia 4500 |
| 003 - CONTROL NUMBER IDENTIFIER | |
| control field | OSt |
| 005 - DATE AND TIME OF LATEST TRANSACTION | |
| control field | 20201027115148.0 |
| 008 - FIXED-LENGTH DATA ELEMENTS--GENERAL INFORMATION | |
| fixed length control field | 191128s1992 ck gr 000 0 spa d |
| 020 ## - INTERNATIONAL STANDARD BOOK NUMBER | |
| International Standard Book Number | 9586530426 |
| 040 ## - CATALOGING SOURCE | |
| Original cataloging agency | CO-JMCR |
| Transcribing agency | CO-JMCR |
| 041 1# - LANGUAGE CODE | |
| Language code of text/sound track or separate title | spa |
| Language code of original | eng |
| 082 04 - DEWEY DECIMAL CLASSIFICATION NUMBER | |
| Classification number | 658.403 / |
| Item number | D795d |
| Edition number | 23 |
| 100 1# - MAIN ENTRY--PERSONAL NAME | |
| Personal name | Drummond, Helga, |
| Relator term | autora |
| 9 (RLIN) | 12007 |
| 245 10 - TITLE STATEMENT | |
| Title | Decisiones efectivas : |
| Remainder of title | guía práctica / |
| Statement of responsibility, etc. | Helga Drummond ; traducción, Teresa Niño Torres ; asesoria y revisión técnica, Humberto Serna Gómez |
| 260 ## - PUBLICATION, DISTRIBUTION, ETC. | |
| Place of publication, distribution, etc. | Bogotá : |
| Name of publisher, distributor, etc. | Legis, |
| Date of publication, distribution, etc. | 1992. |
| 300 ## - PHYSICAL DESCRIPTION | |
| Extent | xxii, 182 páginas ; |
| Dimensions | 24 cm. |
| 490 ## - SERIES STATEMENT | |
| Series statement | Serie empresarial |
| 500 ## - GENERAL NOTE | |
| General note | Incluye índice alfabético y datos biográficos de la autora en la solapa. Bibliografía al final de cada cápitulo. |
| 505 0# - FORMATTED CONTENTS NOTE | |
| Formatted contents note | Cómo deberían tomarse las decisiones -- Por que las decisiones nunca se toman como deberían tomarse -- Papel de la política en la toma de decisiones -- Toma de decisiones en grupo -- Caída en la trampa: escalada en la toma de decisiones |
| 520 0# - SUMMARY, ETC. | |
| Summary, etc. | Los gerentes pasan gran parte de su vida laboral tomando decisiones, pero cmo todos sabemos, a pesar de nuestro, las buenas decisiones no se producen fácilmente, en especial debido a que a menudo se toman bajo presión y en medio de cualquier cantidad. |
| 534 ## - ORIGINAL VERSION NOTE | |
| Introductory phrase | Effective Decision Making |
| 546 ## - LANGUAGE NOTE | |
| Language note | Traducido del inglés |
| 650 24 - SUBJECT ADDED ENTRY--TOPICAL TERM | |
| Topical term or geographic name entry element | Toma de decisiones en grupo |
| 9 (RLIN) | 12008 |
| 650 24 - SUBJECT ADDED ENTRY--TOPICAL TERM | |
| Topical term or geographic name entry element | Daciones bajo presión |
| 9 (RLIN) | 12009 |
| 650 24 - SUBJECT ADDED ENTRY--TOPICAL TERM | |
| Topical term or geographic name entry element | Técnicas administrativas |
| 9 (RLIN) | 12010 |
| 700 1# - ADDED ENTRY--PERSONAL NAME | |
| Personal name | Niño Torrés, Teresa, |
| Relator term | traductora |
| 9 (RLIN) | 11834 |
| 700 1# - ADDED ENTRY--PERSONAL NAME | |
| Relator term | revisor |
| Personal name | Serna Gómez, Humberto, |
| 9 (RLIN) | 11756 |
| 942 ## - ADDED ENTRY ELEMENTS (KOHA) | |
| Source of classification or shelving scheme | Dewey Decimal Classification |
| Koha item type | Books |
| Withdrawn status | Lost status | Source of classification or shelving scheme | Materials specified (bound volume or other part) | Damaged status | Not for loan | Home library | Current library | Shelving location | Date acquired | Source of acquisition | Full call number | Barcode | Date last seen | Copy number | Price effective from | Koha item type | Total Checkouts |
|---|---|---|---|---|---|---|---|---|---|---|---|---|---|---|---|---|---|
| Dewey Decimal Classification | Donación--15/04/2018-- | Biblioteca Pública José María del Castillo y Rada | Biblioteca Pública José María del Castillo y Rada | General Stacks | 11/28/2019 | Donación | 658.403 / D795d | 430012037 | 05/16/2024 | Ej.1 | 11/28/2019 | Books | |||||
| Dewey Decimal Classification | Donación--15/04/2018-- | Biblioteca Pública José María del Castillo y Rada | Biblioteca Pública José María del Castillo y Rada | General Stacks | 11/28/2019 | Donación | 658.403 / D795d | 430012038 | 05/16/2024 | Ej.2 | 11/28/2019 | Books |